| 000 | 01308nam a22002417a 4500 | ||
|---|---|---|---|
| 005 | 20111207162222.0 | ||
| 008 | 111207t xxu||||| |||| 00| 0 mar d | ||
| 010 | _aMAR-21729 | ||
| 020 |
_a9788184983128 _c240.00 |
||
| 035 | _aMR-14387 | ||
| 037 | _bDBAD/PUB | ||
| 040 |
_aDPL _bMR |
||
| 082 | _a204.2 | ||
| 100 |
_aवॉल्श,नील डोनाल्ड _936528 |
||
| 245 |
_aसंवाद परमेश्वराशी : _cनील डोनाल्ड वॉल्श ; वृषाली पटवर्धन द्वारा अनुवादित _bएक अलौकिक संवाद / |
||
| 246 |
_aSamvad Parmeshwarashi : Ek Allokik Samvad _bby Neale Donald Walsch |
||
| 260 |
_aपुणे _bमेहता पब्लिशिंग हाऊस _c2011 |
||
| 270 |
_a1941,सदाशिव पेठ,माडीवाले कॉलनी, _bपुणे _e411030 |
||
| 300 |
_aबारा;220पृ. _c22 सेमी(अजिल्द) |
||
| 700 |
_aपटवर्धन,वृषाली _936531 |
||
| 942 |
_2ddc _cMR _h204.2 _mवॉल्शनी |
||
| 999 |
_c59127 _d59127 |
||